01323nam a22003377a 4500003000500000005001700005008004100022010001000063011001000073035001000083040000900093082001800102100003600120245010200156260009600258300001100354490004900365590004100414590004100455590004100496590004100537590004200578650003600620650002900656830005700685901000700742942001000749949007100759999001700830952013800847CHAP20220329140805.0971013s1967 r 00010 d a57657 a58629 a62784 cCHAP a634.9016bS8300aStanley, Robert G.eed.9109462 aTheses in forestry and related subjects, accepted at the University of Florida through JUne, 1966 aGainesville, Fla. :bInstitute of Food and Agricultural Sciences. School of Forestry,c1967 a194 p. aSchool of Forestry Miscellaneous Publication aBATCH-UPDb10c20130110lUCH01h0714 aBATCH-UPDb10c20130110lUCH01h2342 aBATCH-UPDb10c20130410lUCH01h0359 aBATCH-UPDb10c20130914lUCH01h0716 aCONVERSIONb10c20130109lUCH01h133114aBosquesxBibliografía.91409514aTesisxSumarios.91124690 aSchool of Forestry Miscellaneous Publication9103138 aBK cLIBRO a634.9016 S83bBCcLIBROd33724000648564eLIBROh11979i62784mDsi c57657d57657 00102ddc4052708GRALaBCbBCcPP_GRALd2019-12-31fLIBROl0o634.9016 S83p33724000648564r2019-12-31 00:00:00w2019-12-31yLIBRO